Business Research Methods

Gespeichert in:
Bibliographische Detailangaben
1. Verfasser: Quinlan, Christina
Weitere Verfasser: Babin, Barry, Carr, Jon, Griffin, Mitch, Zikmund, William
Format: Buch
Sprache:Englisch
Veröffentlicht: Hampshire Cengage Learning EMEA 2019
Ausgabe:2nd Edition
Schlagworte:
Tags: Tag hinzufügen
Keine Tags, Fügen Sie das erste Tag hinzu!

MARC

LEADER 00000nam a2200000 4500
001 0278667
005 20240221113923.1
020 |a 978-1-4737-6035-6 
041 0 |a eng 
044 |a GB 
245 1 0 |a Business Research Methods  |c Christina Quinlan ... [et al.] 
250 |a 2nd Edition 
264 1 |a Hampshire  |b Cengage Learning EMEA  |c 2019 
300 |a 418 s. 
610 2 0 |a výskum podnikový 
610 2 0 |a metódy výskumu 
610 2 0 |a analýzy 
610 2 0 |a analýza dát 
610 2 0 |a zber dát 
610 2 0 |a dáta 
100 1 |a Quinlan, Christina 
700 1 |a Babin, Barry 
700 1 |a Carr, Jon 
700 1 |a Griffin, Mitch 
700 1 |a Zikmund, William